000 00716nam a22002175i 4500
001 48599
003 ES-MaACL
005 20250729025717.0
007 t|
008 950726s1856 fr ||||1| fre d
040 _aCAM
_bspa
_cCAM
100 1 _aDes Periers, Bonaventure.
_943815
245 1 0 _aOeuvres françoises de Bonaventure Des Periers /
_crevues sur les éditions originales et annotées par Louis Lacour.
260 _aParis :
_bPierre Jannet,
_c1856.
300 _a2 v. ;
_c17 cm.
490 1 _aBibliothèque elzévirienne
700 1 _aLa Pijardière, Louis Lacour de,
_d1832-1892
_969399
830 0 _aBibliothèque elzévirienne
_9180979
852 _aES-MaACL
_jG-2285-6
999 _c48599
_d48599